Game of Breaking Dead Quiz Stats

 Plays Quiz Updated Dec 2, 2017

Challenge
Share
Tweet
Embed
Score 0/45 Timer 08:00
2 Plays Today
Character G , B or W? % Correct
Daenerys Targaryen???
91.9%
Jon Snow???
91.6%
Stannis Baratheon???
91%
Theon Greyjoy???
90.8%
Petyr Baelish???
90.4%
Jaime Lannister???
89.8%
Robb Stark???
89.3%
Melisandre???
88.8%
Samwell Tarly???
88.4%
Oberyn Martell???
88.3%
Gregor Clegane???
86.1%
Ramsay Bolton???
86%
Lori Grimes???
84.8%
Hank Schrader???
84.5%
Merle Dixon???
84%
Gustavo Fring???
83.3%
Tuco Salamanca???
82.7%
Glenn Rhee???
82.5%
Abraham Ford ???
82.5%
Hershel Greene???
82.2%
Michonne???
81.6%
Mike Ehrmantraut???
81.6%
Morgan Jones???
81%
Character G , B or W? % Correct
Ted Beneke???
80.1%
Syrio Forel???
80.1%
Alliser Thorne???
79.9%
Tyreese Williams???
78.8%
Eugene Porter???
78.1%
Tara Chambler???
76.8%
Dale Horvath ???
75.6%
Todd Alquist???
74.2%
Gale Boetticher???
72.1%
Tortuga???
71.4%
Gabriel Stokes???
71%
Deanna Monroe???
70.8%
Jane Margolis???
70.2%
Lydia Rodarte-Quayle???
67.8%
Brandon Mayhew???
65.5%
Huell Babineaux???
64.3%
Mika Samuels???
62%
Lollys Stokeworth???
61.1%
Philip Blake???
60.5%
Bogdan Wolynetz???
59.8%
Tyrus Kitt???
45.1%
Andrea Cantillo???
43.8%

You're not logged in!

Compare scores with friends on all Sporcle quizzes.
Join for Free
OR
Log In

You Might Also Like...

Show Comments

Extras

Top Quizzes Today


Score Distribution

Your Account Isn't Verified!

In order to create a playlist on Sporcle, you need to verify the email address you used during registration. Go to your Sporcle Settings to finish the process.

Report this User

Report this user for behavior that violates our Community Guidelines.

Details: